Top 10 Best Portuguese Footballers Ever - Statistics

General Stats
  • This quiz has been taken 90 times
  • The average score is 6 of 10
Answer Stats
Nr Answer % Correct
1. Cristiano Ronaldo
100%
2. Eusebio
86%
3. Luis Figo
82%
6. Pepe
77%
8. Nani
56%
9. Rui Costa
48%
10. Ricardo Carvalho
44%
5. Bernardo Silva
42%
4. Pauleta
30%
7. Joao Moutinho
16%
No matching quizzes found
Score Distribution
Percent of People with Each Score
Percentile by Number Answered
Your Score History
You have not taken this quiz